[Event "Vall del Tenes op 2nd"]
[Site "Vall del Tenes"]
[Date "2013.05.17"]
[Round "6"]
[White "Urena Casacuberta, Lluis"]
[Black "Ramos Aguayo, Josep Joan"]
[Result "1/2-1/2"]
[WhiteElo "1912"]
[BlackElo "1800"]
[PlyCount "127"]
[EventDate "2013.04.05"]
[EventType "swiss"]
[EventRounds "8"]
[EventCountry "ESP"]
[SourceTitle "EXT 2014"]
[Source "ChessBase"]
[SourceDate "2013.11.20"]
[SourceVersion "1"]
[SourceVersionDate "2013.11.20"]
[SourceQuality "1"]

1. e4 d5 2. exd5 Qxd5 3. Nc3 Qa5 4. d4 Nf6 5. Nf3 c6 6. Bd3 Bf5 7. Ne5 Bxd3 8. Qxd3 Nbd7 9. Nc4 Qc7 10. Qg3 Qxg3 11. hxg3 0-0-0 12. f3 Nd5 13. Nxd5 cxd5 14. Ne3 e6 15. Bd2 Bd6 16. Kf2 h6 17. a3 Kb8 18. Bb4 Nf6 19. g4 Bxb4 20. axb4 Nd7 21. Ra3 Nb6 22. Rha1 Nc8 23. Nd1 g5 24. Nc3 Rd7 25. Nb5 b6 26. Rh1 Nd6 27. Nxd6 Rxd6 28. c3 Rd7 29. Raa1 f6 30. Rae1 Re7 31. Rh5 Kc7 32. Reh1 Reh7 33. g3 Kc6 34. f4 Kd6 35. f5 e5 36. dxe5+ fxe5 37. Ke3 Ke7 38. Ra1 Kf6 39. Ra6 Rd8 40. Rh1 Rdd7 41. Rd1 h5 42. gxh5 Rxh5 43. Rda1 Kxf5 44. Rxa7 d4+ 45. cxd4 exd4+ 46. Kd3 Rhh7 47. Rxd7 Rxd7 48. Ra8 Kg4 49. Rg8 b5 50. Rg6 Rc7 51. Rb6 Kxg3 52. Rxb5 Kf4 53. Kxd4 g4 54. Rb8 Rd7+ 55. Kc5 Rg7 56. Rf8+ Ke3 57. Rf1 g3 58. Rg1 Kf2 59. Rxg3 Rxg3 60. b5 Rb3 61. b6 Ke3 62. Kc6 Kd4 63. b7 Rxb2 64. Kc7 1/2-1/2

[Event "Vall del Tenes op 2nd"]
[Site "Vall del Tenes"]
[Date "2013.04.05"]
[Round "1"]
[White "Garcia Alcaide, Victor Manuel"]
[Black "Ramos Aguayo, Josep Joan"]
[Result "0-1"]
[WhiteElo "1818"]
[BlackElo "1800"]
[PlyCount "82"]
[EventDate "2013.04.05"]
[EventType "swiss"]
[EventRounds "8"]
[EventCountry "ESP"]
[SourceTitle "EXT 2014"]
[Source "ChessBase"]
[SourceDate "2013.11.20"]
[SourceVersion "1"]
[SourceVersionDate "2013.11.20"]
[SourceQuality "1"]

1. e4 c5 2. c3 g6 3. d4 cxd4 4. cxd4 d5 5. e5 Nc6 6. Nc3 Bg7 7. f4 a6 8. Be3 Nh6 9. Nf3 Bg4 10. Be2 Nf5 11. Bf2 e6 12. Qd2 b5 13. 0-0 Bxf3 14. Bxf3 Qb6 15. Rfd1 0-0 16. Rac1 Rac8 17. g4 Nfe7 18. Qe3 Bh6 19. Bh4 Rc7 20. Ne2 Rfc8 21. Rc5 Bf8 22. Rcc1 Nxd4 23. Nxd4 Rxc1 24. Rxc1 Rxc1+ 25. Qxc1 Qxd4+ 26. Bf2 Qc4 27. Qxc4 bxc4 28. Bc5 Nc6 29. Bxf8 Kxf8 30. Kf2 Nb4 31. Ke3 Nxa2 32. Kd4 Nc1 33. Kc3 a5 34. Bd1 Nd3 35. b3 Nf2 36. Be2 Ne4+ 37. Kc2 cxb3+ 38. Kxb3 Ke7 39. Bb5 f6 40. exf6+ Kxf6 41. Bf1 Nd2+ 0-1